Nothing about us without us : Developing innovative techonologies for, by nad with disabled persons
שמור ב:
| מחבר ראשי: | |
|---|---|
| פורמט: | לא ידוע |
| יצא לאור: |
USA
Health Wrights
1998
|
| גישה מקוונת: | Visit NHRC Library |
| תגים: |
הוספת תג
אין תגיות, היה/י הראשונ/ה לתייג את הרשומה!
|
| LEADER | 00639 a2200193 4500 | ||
|---|---|---|---|
| 003 | 38 | ||
| 005 | 20220906184531.0 | ||
| 952 | |0 0 |1 0 |2 lcc |4 0 |6 WA 00100/DAV/01998 |7 0 |9 137 |a NHRC |b NHRC |c CART |d 2012-03-27 |l 0 |o WA 100/DAV/1998 |p 000038 |r 2012-03-27 |w 2012-03-27 |y BK | ||
| 999 | |c 135 |d 135 | ||
| 020 | |a 0965558533 | ||
| 060 | |a WA 100 | ||
| 100 | |a Werner, David |9 4049 | ||
| 245 | |a Nothing about us without us : Developing innovative techonologies for, by nad with disabled persons | ||
| 260 | |a USA |b Health Wrights |c 1998 | ||
| 300 | |a 350p. |b x | ||
| 500 | |a Book | ||
| 546 | |a Eng. | ||
| 856 | |u http://nhrc.gov.np/contact/ |y Visit NHRC Library | ||
| 942 | |2 NLM |c BK | ||